Business ethics in asia, issues & cases (Record no. 7724)

MARC details
000 -LEADER
fixed length control field 00722nam a22002417i 4500
003 - CONTROL NUMBER IDENTIFIER
control field URS
005 - DATE AND TIME OF LATEST TRANSACTION
control field 20220114152841.0
008 - FIXED-LENGTH DATA ELEMENTS--GENERAL INFORMATION
fixed length control field 180219b xxu||||| |||| 00| 0 eng d
020 ## - INTERNATIONAL STANDARD BOOK NUMBER
International Standard Book Number 9789715506977
040 ## - CATALOGING SOURCE
Description conventions rda
Transcribing agency URSP-College Library
Language of cataloging eng
050 ## - LIBRARY OF CONGRESS CALL NUMBER
Classification number HF5387
Item number 174.4 B87b 2014
100 1# - MAIN ENTRY--PERSONAL NAME
Personal name Bulaong,Jr.,Oscar
245 ## - TITLE STATEMENT
Title Business ethics in asia, issues & cases
264 #1 - PRODUCTION, PUBLICATION, DISTRIBUTION, MANUFACTURE, AND COPYRIGHT NOTICE
Place of production, publication, distribution, manufacture Quezon City
Name of producer, publisher, distributor, manufacturer Ateneo De Manila University Press.
Date of production, publication, distribution, manufacture, or copyright notice 2014.
300 ## - PHYSICAL DESCRIPTION
Extent ix, 175 pages
Other physical details illustrations
Dimensions 23cm
336 ## - CONTENT TYPE
Content type term text
Content type code txt
Source rdacontent
337 ## - MEDIA TYPE
Media type term unmediated
Media type code n
Source rdamedia
338 ## - CARRIER TYPE
Carrier type term volume
Carrier type code nc
Source rdacarrier
500 ## - GENERAL NOTE
General note Includes references
650 #0 - SUBJECT ADDED ENTRY--TOPICAL TERM
Topical term or geographic name entry element Business ethics.
700 1# - ADDED ENTRY--PERSONAL NAME
Personal name Dewi, Ike Janita
942 ## - ADDED ENTRY ELEMENTS (KOHA)
Koha item type Filipiniana
Source of classification or shelving scheme Library of Congress Classification
Holdings
Withdrawn status Source of classification or shelving scheme Damaged status Not for loan Collection code Home library Current library Shelving location Date acquired Source of acquisition Total Checkouts Full call number Barcode Date last seen Copy number Price effective from Koha item type Date last checked out
  Library of Congress Classification     Non-fiction Pililla College Library Pililla College Library General Stacks 02/20/2016 purchased   174.4 B87b 2014 URSPIL-5308 05/31/2019 1 02/20/2016 Filipiniana  
  Library of Congress Classification     Non-fiction Pililla College Library Pililla College Library General Stacks 02/20/2016 purchased 1 174.4 B87b 2014 URSPIL-5309 05/31/2019 2 02/20/2016 Filipiniana 09/26/2018
  Library of Congress Classification     Non-fiction Pililla College Library Pililla College Library General Stacks 02/20/2016 purchased   174.4 B87b 2014 URSPIL-5310 05/31/2019 3 02/20/2016 Filipiniana  
  Library of Congress Classification     Non-fiction Pililla College Library Pililla College Library General Stacks 02/20/2016 purchased   174.4 B87b 2014 URSPIL-5311 05/31/2019 4 02/20/2016 Filipiniana  
  Library of Congress Classification     Non-fiction Pililla College Library Pililla College Library General Stacks 02/20/2016 purchased   174.4 B87b 2014 URSPIL-5312 05/31/2019 5 02/20/2016 Filipiniana  

University of Rizal System
Email us at univlibservices@urs.edu.ph

Visit our Website www.urs.edu.ph/library